Matematika 2

Bibliographic Details
Main Author: Palaj, Cyril, 1912-1984 (Author)
Format: Book
Language:Slovak
PhysicalDescription:503 s. grafy, sch., tab. 29 cm
Published: Zvolen Vysoká škola lesnícka a drevárska 1981
Edition:5. nezm. vyd.
Series:Vysokoškolské učebné texty
Subjects:

MARC

LEADER 00000cam a2200000 a 4500
001 vtls001097683
003 SK-MaSNL
005 20260301055512.0
008 250414s1981 xo dl frp 00000 slo
015 |a SNBA1981/06 
020 |q (brož.) 
035 |a SNK000040525 
040 |a SNK  |b slo  |c SNK  |e AACR2 
041 0 |a slo 
044 |a xo  |c SK 
072 7 |a 517  |x Matematická analýza  |2 konspekt 
072 7 |a 37.016  |x Učebné osnovy. Vyučovacie predmety. Učebnice  |2 konspekt 
080 |a 517(075.8)  |2 1981 
080 |a 517  |2 2011 
080 |a (075.8)  |2 2011 
100 1 |a Palaj, Cyril,  |d 1912-1984  |4 aut  |9 38456 
245 1 0 |a Matematika 2  |c Cyril Palaj a kol. 
250 |a 5. nezm. vyd. 
260 |a Zvolen  |b Vysoká škola lesnícka a drevárska  |c 1981 
300 |a 503 s.  |b grafy, sch., tab.  |c 29 cm 
366 |e 600 kusov 
490 1 |a Vysokoškolské učebné texty 
500 |a Vydala Vysoká škola lesnícka a drevárska vo Zvolene, Drevárska fakulta 
650 0 7 |a matematická analýza  |2 SNKPH  |9 1102 
655 7 |a učebnice vysokých škôl  |2 SNKPH  |9 70191 
710 2 |a Vysoká škola lesnícka a drevárska vo Zvolene.  |b Drevárska fakulta  |4 pbl  |9 177233 
810 2 |a Vysoká škola lesnícka a drevárska vo Zvolene.  |b Drevárska fakulta  |t Vysokoškolské učebné texty  |9 369216 
852 |a Slovenská národná knižnica 
954 |a odborná, vedecká literatúra pôvodná (slovenská)  |2 lita 
958 |a RK 
958 |a TL 
958 |a OND 
958 |a UV 
999 |c 613497  |d 615427 
952 |t P60, <04>, [BOOK], {604}  |a SNK  |b SNK  |y VYP  |7 0  |p 17A0029636  |o snkSB 33613/2 D1  |0 0  |1 0  |4 0  |d 1997-01-10  |l 0  |r 2004-12-31 00:00:00  |w 2026-02-23 
952 |a SNK  |b SNK  |y PREZ  |7 0  |p 17A0981718  |o snkSB 33613/2   |0 0  |1 0  |4 0  |d 2012-07-19  |f 1  |l 0  |r 2025-04-08 00:00:00  |w 2026-02-23